A decade of gender budgeting in Karnataka: A preliminary review (Record no. 528697)

000 -LEADER
fixed length control field 01753nam a22001457a 4500
008 - FIXED-LENGTH DATA ELEMENTS--GENERAL INFORMATION
fixed length control field 250103b ||||| |||| 00| 0 eng d
100 ## - MAIN ENTRY--PERSONAL NAME
Personal name Ashraf Pulikkamath, and Degaonkar, Chaya
245 ## - TITLE STATEMENT
Title A decade of gender budgeting in Karnataka: A preliminary review
260 ## - PUBLICATION, DISTRIBUTION, ETC. (IMPRINT)
Place of publication, distribution, etc Indian Journal of Public Administration
300 ## - PHYSICAL DESCRIPTION
Extent 70(4), Dec, 2024: p.843-859
520 ## - SUMMARY, ETC.
Summary, etc Understanding the necessity of gendering fiscal policies is a relatively new area in public finance research, which is now gaining momentum. The importance of gender differential impacts of the budgetary process is the highlight of the argument here, while a gender-mainstreamed society is the anticipated outcome. Based on the State gender-budget data of Karnataka (2007–2019), this article is an attempt to revisit the decade-long history of this exercise in the State. On the one hand, it attempts to reveal the good deeds of the practice in the State, and on the other hand, it highlights the lack of ‘gender concerns’ in the process. Using a framework given by Das, Thakur, and Sikdar (2006, Report of the gender budgeting study for West Bengal. Centre for Budget and Governance Accountability), this study applies a descriptive approach to review the process and magnitude of gender budgeting in Karnataka. The review reveals that the priorities of Karnataka’s gender budgets remain within the umbrella of ‘welfare approach’ that caters to practical gender needs, despite its institutionalisation and experience for a decade.- Reproduced

https://journals.sagepub.com/doi/full/10.1177/00195561241248135
650 ## - SUBJECT ADDED ENTRY--TOPICAL TERM
Topical term or geographic name as entry element Gender budget, Karnataka, Fiscal innovation, India.
9 (RLIN) 49687
773 ## - HOST ITEM ENTRY
Main entry heading Indian Journal of Public Administration
942 ## - ADDED ENTRY ELEMENTS (KOHA)
Item type Articles
Holdings
Withdrawn status Lost status Source of classification or shelving scheme Damaged status Not for loan Permanent location Current location Date acquired Serial Enumeration / chronology Barcode Date last seen Koha item type
          Indian Institute of Public Administration Indian Institute of Public Administration 2025-01-03 70(4), Dec, 2024: p.843-859 AR134092 2025-01-03 Articles

Powered by Koha